Statistics for Lyon - RB Leipzig Champions League 2019-20

Click here to take the quiz!

General Stats

  • This quiz has been taken 34 times
  • The average score is 17 of 30

Answer Stats

Player% Correct
Anthony Lopes
86%
Houssem Aouar ¹
82%
Memphis Depay ¹
82%
Timo Werner ¹
82%
Jason Denayer
75%
Yussuf Poulsen
75%
Christopher Nkunku
71%
Dayot Upamecano
71%
Marçal
71%
Marcelo
71%
Moussa Dembélé
71%
Péter Gulácsi
68%
Emil Forsberg ¹
64%
Nordi Mukiele
64%
Lucas Tousart
54%
Lukas Klostermann
54%
Rudi Garcia
46%
Angeliño
43%
Kenny Tete
43%
Konrad Laimer
43%
Martin Terrier
43%
Thiago Mendes
43%
Joachim Andersen
39%
Julian Nagelsmann
39%
Rafael
39%
Jeff Reine-Adélaïde
36%
Amadou Haidara
32%
Diego Demme
32%
Ethan Ampadu
18%
Matheus Cunha
14%

Score Distribution

Percentile by Number Answered

Percent of People with Each Score

Your Score History

You have not taken this quiz